Safeguards in a downturn (Record no. 81077)

MARC details
000 -LEADER
fixed length control field 01081cab a22002175a 4500
001 - CONTROL NUMBER
control field L146198
008 - FIXED-LENGTH DATA ELEMENTS--GENERAL INFORMATION
fixed length control field 081216e20081213xxka f 000 0 eng d
035 ## - SYSTEM CONTROL NUMBER
System control number (Sirsi) u146198
041 0# - LANGUAGE CODE
Language code of text/sound track or separate title eng
100 1# - MAIN ENTRY--PERSONAL NAME
Personal name Thomas, Iain
245 00 - TITLE STATEMENT
Title Safeguards in a downturn
260 ## - PUBLICATION, DISTRIBUTION, ETC.
Date of publication, distribution, etc. 2008
490 ## - SERIES STATEMENT
Series statement Estates Gazette
Volume/sequential designation (0849) 13 December 2008, 58-60(3)
520 ## - SUMMARY, ETC.
Summary, etc. Article discusses the possibility that debt-funded developments may not be viable and explores the available options when things go wrong. Looks at debt refinancing and additional funding, in addition to formal/legal options. These include court proceedings, repossession and the appointment of an administrator. The authors also look at how delays may also have planning consequences and the need for clear communications between all interested parties at an early a stage as possible.
590 ## - LOCAL NOTE (RLIN)
Local note KA
651 #4 - SUBJECT ADDED ENTRY--GEOGRAPHIC NAME
Geographic name United Kingdom
Chronological subdivision
690 ## - LOCAL SUBJECT ADDED ENTRY--TOPICAL TERM (OCLC, RLIN)
Topical term or geographic name as entry element PROPERTY-COMMERCIAL PROPERTY-COMMERCIAL PROPERTY DEVELOPMENT
690 ## - LOCAL SUBJECT ADDED ENTRY--TOPICAL TERM (OCLC, RLIN)
Topical term or geographic name as entry element PROPERTY-PROPERTY FINANCE AND INVESTMENT
700 1# - ADDED ENTRY--PERSONAL NAME
Personal name Kanagaratnam, Janan
942 ## - ADDED ENTRY ELEMENTS (KOHA)
Suppress in OPAC 0
Holdings
Withdrawn status Lost status Source of classification or shelving scheme Damaged status Not for loan Home library Current library Shelving location Date acquired Total Checkouts Full call number Barcode Date last seen Copy number Price effective from Koha item type
    Dewey Decimal Classification     London London Journal article 16/12/2008   L146198 146198-1001 06/08/2019 1 06/08/2019 Journal article